000 00936nam a2200265 a 4500
001 62975
003 BD-RjUL
005 20211209081140.0
008 170126s1957 enkbch 001 0 eng
035 _a(BD-RjUL)63103
040 _aDLC
_cDLC
_dBD-RjUL
_beng
041 _aeng
082 _223
_a928.2
_bBOS 1957
100 1 _aBoswell, James,
_d1740-1795.
_9186147
245 1 0 _aBoswell in search of a wife, 1766-1769 /
_cEdited by Frank Brady and Frederick A. Pottle.
260 _aLondon :
_bW. Heinemann,
_c1957
300 _axxix, 425 p. :
_bill, ;
_c24 cm.
490 1 _aThe Yale editions of the private papers of James Boswell
500 _aInclude index
650 _aBoswell, James, -- 1740-1795.
_9187290
700 1 _aBrady, Frank,
_eed.
_9187291
700 1 _aPottle, Frederick A.
_q(Frederick Albert),
_d1897-1987,
_eed.
_9187292
830 0 _aYale editions of the private papers of James Boswell
_9187295
942 _2ddc
_cBK
999 _c62975
_d62975